000 00579nam a2200193Ia 4500
005 20250923145118.0
008 008 250917s9999 xx 000 0 eng d
037 _aTextual
040 _aDSWL
_beng
_cDSWL
041 _aeng
_2eng
084 _aX:97.73, N62
_qDSWL
245 0 _aNo1 : The Ge Approach to industrial relations: A mapi study
_cby Allied Products Institutes
260 _bAllied Products Institutes
_c1962
300 _axvi,304 p.
365 _aINR
_b20
925 _g20
942 _cTEXL
_hX:97.73, N62
999 _c1447236
_d1447236